Tanzania in Figures (Record no. 7037)

MARC details
000 -LEADER
fixed length control field 00409nam a22001217a 4500
008 - FIXED-LENGTH DATA ELEMENTS--GENERAL INFORMATION
fixed length control field 200415b ||||| |||| 00| 0 eng d
100 ## - MAIN ENTRY--PERSONAL NAME
Personal name The United Republic of Tanzania
245 ## - TITLE STATEMENT
Title Tanzania in Figures
Statement of responsibility, etc. The United Republic of Tanzania
Medium English
260 ## - PUBLICATION, DISTRIBUTION, ETC. (IMPRINT)
Place of publication, distribution, etc. Dar Es Salaam
Name of publisher, distributor, etc. National Bureau of Statistics
Date of publication, distribution, etc. 2012
300 ## - PHYSICAL DESCRIPTION
Extent iii,
Other physical details Illustration
Dimensions 16cm
650 ## - SUBJECT ADDED ENTRY--TOPICAL TERM
Source of heading or term Tanzania in Figures 2011
942 ## - ADDED ENTRY ELEMENTS (KOHA)
Source of classification or shelving scheme Dewey Decimal Classification
Koha item type BOOKS
Holdings
Withdrawn status Lost status Source of classification or shelving scheme Damaged status Not for loan Home library Current library Date acquired Total Checkouts Barcode Date last seen Price effective from Koha item type
    Dewey Decimal Classification     Mwanza Mwanza 15/04/2020   1000002820 15/04/2020 15/04/2020 BOOKS

IRDP © 2021 :: Managed by ICT Team